Web-Based Management Information System for Angono Animal Clinic (Record no. 74053)

MARC details
000 -LEADER
fixed length control field 01116nam a22002897a 4500
003 - CONTROL NUMBER IDENTIFIER
control field URS
005 - DATE AND TIME OF LATEST TRANSACTION
control field 20240416181524.0
008 - FIXED-LENGTH DATA ELEMENTS--GENERAL INFORMATION
fixed length control field 240206b |||||||| |||| 00| 0 eng d
100 ## - MAIN ENTRY--PERSONAL NAME
Personal name Salinga, Kristina Marie F.
Relator term author
245 ## - TITLE STATEMENT
Title Web-Based Management Information System for Angono Animal Clinic
Statement of responsibility, etc. Kristina Marie F. Salinga and 4 others
260 ## - PUBLICATION, DISTRIBUTION, ETC.
Date of publication, distribution, etc. 2023
300 ## - PHYSICAL DESCRIPTION
Extent xi, 130 leaves
Dimensions 28 cm.
336 ## - CONTENT TYPE
Source rdacontent
Content type term text
337 ## - MEDIA TYPE
Source rdamedia
Media type term unmediated
338 ## - CARRIER TYPE
Source rdacarrier
Carrier type term volume
500 ## - GENERAL NOTE
General note Undergraduate Thesis
502 ## - DISSERTATION NOTE
Degree type Bachelor of Science in Information Technology
Name of granting institution University of Rizal System, Binangonan
Year degree granted 2023
504 ## - BIBLIOGRAPHY, ETC. NOTE
Bibliography, etc. note Includes bibliographical references.
700 ## - ADDED ENTRY--PERSONAL NAME
Personal name Salinga, Kristina Marie F.
Relator term author
700 ## - ADDED ENTRY--PERSONAL NAME
Personal name Egualada, Brylle Angelo A.
Relator term author
700 ## - ADDED ENTRY--PERSONAL NAME
Personal name Liberty, Jeremy T.
Relator term author
700 ## - ADDED ENTRY--PERSONAL NAME
Personal name Vallega, Roahn Vinsaint P.
Relator term author
700 ## - ADDED ENTRY--PERSONAL NAME
Personal name Oliveros, Vann Erick A.
Relator term author
700 ## - ADDED ENTRY--PERSONAL NAME
Personal name John Rudolf P. Pascual, MSIT(studies)
Relator term adviser
856 ## - ELECTRONIC LOCATION AND ACCESS
Materials specified Online Request for Student Unpublished Works
Uniform Resource Identifier <a href="https://forms.gle/7LqvGGkaDrUQqz429">https://forms.gle/7LqvGGkaDrUQqz429</a>
942 ## - ADDED ENTRY ELEMENTS (KOHA)
Source of classification or shelving scheme Library of Congress Classification
Koha item type Theses and dissertations
Holdings
Withdrawn status Source of classification or shelving scheme Damaged status Not for loan Home library Current library Date acquired Total Checkouts Barcode Date last seen Price effective from Koha item type
  Library of Congress Classification     Binangonan College Library Binangonan College Library 04/07/2026   URSBIN-UGT3078 04/07/2026 04/07/2026 Theses and dissertations

University of Rizal System
Email us at univlibservices@urs.edu.ph

Visit our Website www.urs.edu.ph/library